Online katalóg knižníc regiónu Turca

Rušné roky deväťdesiate (Record no. 21031)

MARC details
000 -LEADER
fixed length control field 02133cam a2200541 a 4500
001 - CONTROL NUMBER
control field 21031
003 - CONTROL NUMBER IDENTIFIER
control field VRT
005 - DATE AND TIME OF LATEST TRANSACTION
control field 20260210154801.0
008 - FIXED-LENGTH DATA ELEMENTS--GENERAL INFORMATION
fixed length control field 230403s1952 xo g 000 f slo
015 ## - NATIONAL BIBLIOGRAPHY NUMBER
National bibliography number SNBA19451955-009761
020 ## - INTERNATIONAL STANDARD BOOK NUMBER
International Standard Book Number (viazané)
035 ## - SYSTEM CONTROL NUMBER
System control number SK01SNKBKSFS20010084786
035 ## - SYSTEM CONTROL NUMBER
System control number urn:nbn:sk:snk-am3i74i
035 ## - SYSTEM CONTROL NUMBER
System control number C5E13C32-DA8B-471F-87C9-D1DD6B723F59
035 ## - SYSTEM CONTROL NUMBER
System control number urn:nbn:sk:snk-am00dqqi
035 ## - SYSTEM CONTROL NUMBER
System control number SKM000087249
039 #9 - LEVEL OF BIBLIOGRAPHIC CONTROL AND CODING DETAIL [OBSOLETE]
Level of rules in bibliographic description 202304032057
Level of effort used to assign nonsubject heading access points VLOAD
Level of effort used to assign subject headings 202212050957
Level of effort used to assign classification VLOAD
Level of effort used to assign subject headings 202205120833
Level of effort used to assign classification VLOAD
Level of effort used to assign subject headings 202010120928
Level of effort used to assign classification msnk162
040 ## - CATALOGING SOURCE
Original cataloging agency SNK
Language of cataloging slo
Transcribing agency SNK
Description conventions AACR2
041 1# - LANGUAGE CODE
Language code of text/sound track or separate title slo
Language code of original eng
044 ## - COUNTRY OF PUBLISHING/PRODUCING ENTITY CODE
MARC country code xo
ISO country code SK
072 #7 - SUBJECT CATEGORY CODE
Subject category code 821.111-3
Subject category code subdivision Anglická próza, anglicky písaná
Source konspekt
080 ## - UNIVERSAL DECIMAL CLASSIFICATION NUMBER
Universal Decimal Classification number 316.728
Edition identifier 2011
080 ## - UNIVERSAL DECIMAL CLASSIFICATION NUMBER
Universal Decimal Classification number 821.111(94)-31
Edition identifier 2011
100 1# - MAIN ENTRY--PERSONAL NAME
Personal name Prichard, Katharine Susannah,
Dates associated with a name 1883-1969
Relationship aut
240 14 - UNIFORM TITLE
Uniform title The Raoring Nineties
Language of a work Slovensky
245 10 - TITLE STATEMENT
Title Rušné roky deväťdesiate
Number of part/section of a work [prvý diel]
Statement of responsibility, etc. Katharina S. Prichardová ; [z anglického originálu preložila Ada Kuzmány-Bruothová] ; [obálku navrhol Osvald A. Klapper]
250 ## - EDITION STATEMENT
Edition statement 1. vydanie
260 ## - PUBLICATION, DISTRIBUTION, ETC.
Place of publication, distribution, etc. [Turčiansky Sv. Martin]
Name of publisher, distributor, etc. Matica slovenská
Date of publication, distribution, etc. 1952
300 ## - PHYSICAL DESCRIPTION
Extent 530 strán
Dimensions 21 cm
366 ## - TRADE AVAILABILITY INFORMATION
Note 5500 kusov
500 ## - GENERAL NOTE
General note Frontispice ; obsahuje poznámky pod čiarou
500 ## - GENERAL NOTE
General note Miesto vydania prevzaté podľa sídla vydavateľa ; prvý diel prevzatý z prebalu knihy
650 07 - SUBJECT ADDED ENTRY--TOPICAL TERM
Topical term or geographic name entry element spoločenský život
Source of heading or term SNKPH
650 07 - SUBJECT ADDED ENTRY--TOPICAL TERM
Topical term or geographic name entry element Social life
Source of heading or term SNKPHeng
655 #7 - INDEX TERM--GENRE/FORM
Genre/form data or focus term austrálske romány
Source of term SNKPH
655 #7 - INDEX TERM--GENRE/FORM
Genre/form data or focus term Australian fiction
Source of term SNKPHeng
700 1# - ADDED ENTRY--PERSONAL NAME
Personal name Bruothová, Adriena,
Dates associated with a name 1905-1983
Relationship trl
700 1# - ADDED ENTRY--PERSONAL NAME
Personal name Klapper, Osvald,
Dates associated with a name 1930-2010
Relationship bjd
700 1# - ADDED ENTRY--PERSONAL NAME
Personal name Boor, Ján
Relationship red
-- aui
910 ## - USER-OPTION DATA (OCLC)
User-option data snk
942 ## - ADDED ENTRY ELEMENTS (KOHA)
Source of classification or shelving scheme Dewey Decimal Classification
Koha item type Krásna literatúra pre dospelých
Suppress in OPAC No
949 ## - LOCAL PROCESSING INFORMATION (OCLC)
6 17A0427156
9 P60, <04>, [BOOK], {604}
a snkSC 4762/1 D1
b snkF 6048/62
949 ## - LOCAL PROCESSING INFORMATION (OCLC)
6 17A0767816
a snkSC 4762/1
b snk5647/52
o I.665/52 - ev. č.
s 6100:20190215
949 ## - LOCAL PROCESSING INFORMATION (OCLC)
6 273K0222528
a svkpoA 56793/I
b svkpo131609
949 ## - LOCAL PROCESSING INFORMATION (OCLC)
6 270001000638452
a svkbbS 37752
b svkbbm 19996
949 ## - LOCAL PROCESSING INFORMATION (OCLC)
6 270001000637716
a svkbbS 38134
b svkbbm 40555
Holdings
Stav vyradenia Strata Poškodenie Spôsob nadobudnutia Domovská knižnica Aktuálna knižnica Dátum nadobudnutia Total checkouts Čiarový kód exemplára Date last seen Typ exemplára
      Dar Obecná knižnica Horná Štubňa Obecná knižnica Horná Štubňa 10.02.2026   4736201206 10.02.2026 Krásna literatúra pre dospelých
Projekt je podporený Slovenskou asociáciou knižníc
Prevádzkuje Turčianska knižnica Martin 2026